Detalles MARC
| 000 -LÍDER |
| Campo fijo de descripción fija |
01796nam a2200349 4500 |
| 001 - NÚMERO DE CONTROL |
| Campo de control |
768714001 |
| 003 - IDENTIFICADOR DEL NÚMERO DE CONTROL |
| Campo de control |
CO-MdFUSB |
| 005 - FECHA Y HORA DE LA ULTIMA TRANSACCIÓN |
| control field |
20170725083556.0 |
| 008 - ELEMENTOS DE LONGITUD FIJA -- INFORMACIÓN GENERAL |
| Campo fijo de descripción fija -- Información general |
170131t2016 pe ||||f |||| 00| 0 spa d |
| 020 ## - NÚMERO INTERNACIONAL NORMALIZADO PARA LIBROS |
| Número Internacional Normalizado del libro |
9786124252105 |
| 040 ## - FUENTE DE CATALOGACIÓN |
| Agencia de catalogación original |
CO-MdFUSB |
| Idioma de catalogación |
spa |
| Agencia que realiza la transcripción |
CO-MdFUSB |
| Agencia que realiza la modificación |
CO-MdFUSB |
| Convenciones de la descripción |
rda |
| 041 ## - CÓDIGO DE IDIOMA |
| Código de idioma para texto/pista de sonido o título separado |
spa |
| 082 ## - NÚMERO DE CLASIFICACIÓN DECIMAL DEWEY |
| Número de la edición del Dewey |
24 |
| Número de clasificación |
221.601 |
| Clave de autor-Numero de item |
W947c |
| 100 ## - ASIENTO PRINCIPAL--NOMBRE PERSONAL |
| Nombre personal |
Christopher Wright |
| Término relacionador |
autor |
| 245 ## - TÍTULO |
| Título del Material |
Como predicar desde el Antiguo Testamento |
| Mención de responsabilidad, etc. |
/ Christopher Wright |
| 264 #1 - PRODUCCIÓN, PUBLICACIÓN, DISTRIBUCIÓN, MANUFACTURA, Y COPYRIGHT |
| Lugar de producción, publicación, distribución, manufactura |
Perú : |
| Nombre del productor, publicador, distribuidor |
Puma, |
| Fecha de producción, publicación, distribución, manufactura, o copyright |
℗[2016] |
| 264 #4 - PRODUCCIÓN, PUBLICACIÓN, DISTRIBUCIÓN, MANUFACTURA, Y COPYRIGHT |
| Fecha de producción, publicación, distribución, manufactura, o copyright |
©2016 |
| 300 ## - DESCRIPCIÓN FÍSICA |
| Extensión |
314 páginas |
| Dimensiones |
; 23 cm. |
| 336 ## - TIPO DE CONTENIDO |
| Fuente |
rdacontent |
| Término de tipo de contenido |
|
| Código de tipo de contenido |
|
| 337 ## - TIPO DE MEDIO |
| Fuente |
rdamedia |
| Nombre del tipo de medio |
|
| Código del tipo de medio |
|
| 338 ## - TIPO DE SOPORTE |
| Fuente |
rdacarrier |
| Nombre del tipo de soporte |
|
| Código Tipo de soporte |
|
| 490 ## - MENCIÓN DE SERIE |
| Mención de serie |
Recursos Langham Predicación |
| 504 ## - NOTA DE BIBLIOGRAFÍA, ETC. |
| Nota de bibliografía, etc |
Incluye bibliografía (páginas 313-314) |
| 505 #1 - NOTA DE CONTENIDO |
| Nota de contenido con formato preestablecido |
Parte I ¿Por qué predicar el Antiguo Testamento? -- Dios ha hablado -- La historia y la promesa -- Entendiendo a Jesús a través del Antiguo Testamento -- Que no sea sólo Jesús --Conexión con Cristo |
| 505 #1 - NOTA DE CONTENIDO |
| Nota de contenido con formato preestablecido |
Parte II ¿Cómo podemos predicar desde el Antiguo Testamento? -- La historia de Dios y nuestras historias -- Cinco preguntas para formular al predicar las historias del Antiguo Testamento --Siete peligros que se deben evitar al predicar las historias del Antiguo Testamento -- Entendiendo la Ley del Antiguo Testamento -- Predicando desde la Ley del Antiguo Testamento -- Conozca a los profetas -- Predicación desde los profetas -- Llegando a conocer los Salmos -- Predicando desde los Salmos -- Predicación desde la literatura sapiencial |
| 534 ## - NOTA DE VERSION ORIGINAL |
| Publicación, distribución, etc. del original |
Sweeter than honey: Preaching the Old Testament |
| Frase introductoria |
Título original en inglés: |
| 540 ## - NOTA DE CONDICIONES DE USO Y REPRODUCCION |
| Términos que regulan el uso y reproducción |
rústico |
| 630 #7 - TITULO UNIFORME |
| Título uniforme |
Biblia. |
| Nombre de parte o sección de la obra |
Antiguo Testamento |
| Subdivisión de materia general |
Enseñanza bíblica |
| 650 #0 - ASIENTO SECUNDARIO DE MATERIA - TERMINO TEMÁTICO |
| 9 (RLIN) |
54 |
| Término temático o nombre geográfico como elemento de entrada |
Predicación |
| 650 #7 - ASIENTO SECUNDARIO DE MATERIA - TERMINO TEMÁTICO |
| 9 (RLIN) |
283 |
| Término temático o nombre geográfico como elemento de entrada |
Sermones |
| 942 ## - TIPO DE MATERIAL (KOHA) |
| Tipo de Item KOHA |
Libros General |